[Event "Titled Tuesday intern op 28th Dec"]
[Site "Chess.com INT"]
[Date "2021.12.28"]
[Round "6"]
[White "Nesterov, Arseniy"]
[Black "Gazis, Efstathios"]
[Result "1-0"]
[WhiteElo "2523"]
[BlackElo "2141"]
[PlyCount "61"]
[EventDate "2021.12.28"]
[EventType "swiss (blitz)"]
[EventRounds "11"]
[EventCountry "USA"]
[SourceTitle "CBM 206 Extra"]
[Source "ChessBase"]
[SourceDate "2022.03.31"]
[SourceVersion "1"]
[SourceVersionDate "2022.03.31"]
[SourceQuality "1"]

1. d4 Nf6 2. c4 e6 3. Nc3 Bb4 4. Qc2 c5 5. dxc5 Bxc5 6. Nf3 Be7 7. e4 d6 8. Be2 Nbd7 9. O-O b6 10. Rd1 a6 11. Bf4 Qc7 12. Rd2 O-O 13. Rad1 Ne8 14. h3 Bb7 15. b3 Rc8 16. a4 h6 17. Bg3 Ndf6 18. e5 dxe5 19. Bxe5 Qc6 20. Bf1 Ba8 21. Bh2 Qb7 22. Ne5 Nd6 23. Rxd6 Bxd6 24. Rxd6 Rfd8 25. Qd2 Qc7 26. Rxd8+ Rxd8 27. Qe3 Qb7 28. Bg3 Ne4 29. Nxe4 Qxe4 30. Qxb6 f6 31. Qxd8+ 1-0

[Event "Titled Tuesday intern op 28th Dec"]
[Site "Chess.com INT"]
[Date "2021.12.28"]
[Round "6"]
[White "Novikova, Galina"]
[Black "Brunner, Nicolas"]
[Result "0-1"]
[WhiteElo "2073"]
[BlackElo "2415"]
[PlyCount "146"]
[EventDate "2021.12.28"]
[EventType "swiss (blitz)"]
[EventRounds "11"]
[EventCountry "USA"]
[SourceTitle "CBM 206 Extra"]
[Source "ChessBase"]
[SourceDate "2022.03.31"]
[SourceVersion "1"]
[SourceVersionDate "2022.03.31"]
[SourceQuality "1"]

1. e4 e5 2. Nf3 Nc6 3. d4 exd4 4. Nxd4 Nf6 5. Nxc6 bxc6 6. Qe2 Bc5 7. Nc3 O-O 8. Bg5 h6 9. Bh4 d6 10. O-O-O Qe7 11. f3 Be6 12. g4 Bb4 13. Be1 Bxc3 14. Bxc3 Bxa2 15. h4 Nd7 16. g5 h5 17. f4 g6 18. b3 a5 19. f5 Nc5 20. fxg6 fxg6 21. Qc4+ Kh7 22. Kb2 a4 23. Kxa2 axb3+ 24. Kb1 Qxe4 25. Bd3 Qxc4 26. Bxc4 Ne4 27. Bb2 bxc2+ 28. Kxc2 Nf2 29. Bf6 Nxh1 30. Rxh1 d5 31. Bd3 c5 32. Re1 Rfe8 33. Rb1 c4 34. Bf1 Rab8 35. Rd1 c6 36. Ra1 Ra8 37. Rb1 Ra2+ 38. Kc3 Ra7 39. Bh3 Re3+ 40. Kd4 Rxh3 41. Rb8 Rg7 42. Rc8 Rd3+ 43. Ke5 c3 44. Bxg7 Kxg7 45. Rc7+ Kf8 46. Kf6 Ke8 47. Kxg6 d4 48. Rxc6 Rd2 49. Kxh5 c2 50. g6 d3 51. Kh6 Rg2 52. h5 d2 53. Rxc2 d1=Q 54. Rxg2 Kf8 55. Kh7 Qd7+ 56. g7+ Ke8 57. h6 Qd3+ 58. Kh8 Qd4 59. Rf2 Ke7 60. Rf8 Qc3 61. Kh7 Qd3+ 62. Kh8 Qc3 63. Rg8 Qf6 64. h7 Qe5 65. Rf8 Qd4 66. Rf1 Qc3 67. Rd1 Kf7 68. Rf1+ Kg6 69. Rg1+ Kh6 70. Rh1+ Kg6 71. Rg1+ Kf7 72. Rf1+ Kg6 73. Kg8 Qxg7# 0-1

[Event "Titled Tuesday intern op 28th Dec"]
[Site "Chess.com INT"]
[Date "2021.12.28"]
[Round "6"]
[White "Nozdrachev, Leonid"]
[Black "Lauridsen, Jesper Morck"]
[Result "1-0"]
[WhiteElo "2370"]
[BlackElo "2215"]
[PlyCount "47"]
[EventDate "2021.12.28"]
[EventType "swiss (blitz)"]
[EventRounds "11"]
[EventCountry "USA"]
[SourceTitle "CBM 206 Extra"]
[Source "ChessBase"]
[SourceDate "2022.03.31"]
[SourceVersion "1"]
[SourceVersionDate "2022.03.31"]
[SourceQuality "1"]

1. e4 c5 2. c3 Nf6 3. e5 Nd5 4. d4 cxd4 5. Nf3 e6 6. cxd4 d6 7. Bc4 Nc6 8. O-O Be7 9. Qe1 O-O 10. Qe4 dxe5 11. dxe5 Qc7 12. Re1 Bd7 13. Nc3 Nxc3 14. bxc3 Na5 15. Bd3 g6 16. Bg5 Bc6 17. Qh4 Bxf3 18. Bxe7 Qxc3 19. Bf6 h5 20. Qg5 Kh7 21. Rad1 Bxd1 22. Rxd1 Qxd3 23. Rxd3 Rac8 24. Rh3 1-0

[Event "Titled Tuesday intern op 28th Dec"]
[Site "Chess.com INT"]
[Date "2021.12.28"]
[Round "6"]
[White "Omariev, Maksim"]
[Black "Havanecz, Bianka"]
[Result "1-0"]
[WhiteElo "2304"]
[BlackElo "2229"]
[PlyCount "45"]
[EventDate "2021.12.28"]
[EventType "swiss (blitz)"]
[EventRounds "11"]
[EventCountry "USA"]
[SourceTitle "CBM 206 Extra"]
[Source "ChessBase"]
[SourceDate "2022.03.31"]
[SourceVersion "1"]
[SourceVersionDate "2022.03.31"]
[SourceQuality "1"]

1. g4 d5 2. Bg2 c6 3. h3 h6 4. d4 Nf6 5. Nf3 Nbd7 6. O-O Qc7 7. c4 e6 8. Qc2 Ne4 9. Nc3 Nxc3 10. Qxc3 Nf6 11. Ne5 g5 12. f4 Ne4 13. Bxe4 dxe4 14. fxg5 hxg5 15. Rxf7 Qb6 16. Bxg5 Bd6 17. c5 Qb5 18. cxd6 Qxe2 19. Re7+ Kf8 20. Rf1+ Kg8 21. Re8+ Kg7 22. Bf6+ Kh6 23. Rxh8# 1-0

[Event "Titled Tuesday intern op 28th Dec"]
[Site "Chess.com INT"]
[Date "2021.12.28"]
[Round "6"]
[White "Perez Gormaz, Matias Ariel"]
[Black "Ibrahimli, Murad Sultanali"]
[Result "0-1"]
[WhiteElo "2404"]
[BlackElo "2418"]
[PlyCount "68"]
[EventDate "2021.12.28"]
[EventType "swiss (blitz)"]
[EventRounds "11"]
[EventCountry "USA"]
[SourceTitle "CBM 206 Extra"]
[Source "ChessBase"]
[SourceDate "2022.03.31"]
[SourceVersion "1"]
[SourceVersionDate "2022.03.31"]
[SourceQuality "1"]

1. e4 c5 2. Nf3 d6 3. d4 cxd4 4. Nxd4 Nf6 5. Nc3 a6 6. Bg5 Nbd7 7. Bc4 Qa5 8. Qd2 e6 9. O-O-O b5 10. Bxe6 fxe6 11. Nxe6 Kf7 12. Nxf8 Rxf8 13. Qxd6 b4 14. Nd5 Nxd5 15. exd5 Kg8 16. Kb1 Qb6 17. Qxb6 Nxb6 18. f3 Bb7 19. d6 Bc6 20. Rhe1 h6 21. Be3 Nd7 22. Bd4 Rfe8 23. b3 Kf7 24. Kb2 g6 25. a3 bxa3+ 26. Kxa3 Rxe1 27. Rxe1 Re8 28. Rxe8 Kxe8 29. Kb4 Kf7 30. c4 Ke6 31. Bc5 a5+ 32. Kxa5 Nxc5 33. Kb6 Kxd6 34. b4 Nd7+ 0-1

[Event "Titled Tuesday intern op 28th Dec"]
[Site "Chess.com INT"]
[Date "2021.12.28"]
[Round "6"]
[White "Perez Ponsa, Federico"]
[Black "Vlassov, Nikolai"]
[Result "1-0"]
[WhiteElo "2561"]
[BlackElo "2294"]
[PlyCount "57"]
[EventDate "2021.12.28"]
[EventType "swiss (blitz)"]
[EventRounds "11"]
[EventCountry "USA"]
[SourceTitle "CBM 206 Extra"]
[Source "ChessBase"]
[SourceDate "2022.03.31"]
[SourceVersion "1"]
[SourceVersionDate "2022.03.31"]
[SourceQuality "1"]

1. d4 Nf6 2. c4 Nc6 3. Nc3 e5 4. d5 Ne7 5. Nf3 Ng6 6. h4 h5 7. Bg5 Be7 8. e3 Ng4 9. Bd3 Nf8 10. d6 cxd6 11. Nd5 f6 12. Qc2 fxg5 13. Bg6+ Nxg6 14. Qxg6+ Kf8 15. Nxg5 Bxg5 16. hxg5 Qe8 17. Qxd6+ Kg8 18. Ne7+ Kh7 19. g6+ Kh6 20. f4 Rf8 21. O-O-O Rf6 22. Rxh5+ Kxh5 23. Rh1+ Nh2 24. Rxh2+ Kg4 25. Qxe5 Kg3 26. f5+ Kf2 27. Qf4+ Kg1 28. g4 Qxe7 29. Qf2# 1-0

[Event "Titled Tuesday intern op 28th Dec"]
[Site "Chess.com INT"]
[Date "2021.12.28"]
[Round "6"]
[White "Petrova, Irina"]
[Black "February, Jesse Nikki"]
[Result "1-0"]
[WhiteElo "2141"]
[BlackElo "1845"]
[PlyCount "73"]
[EventDate "2021.12.28"]
[EventType "swiss (blitz)"]
[EventRounds "11"]
[EventCountry "USA"]
[SourceTitle "CBM 206 Extra"]
[Source "ChessBase"]
[SourceDate "2022.03.31"]
[SourceVersion "1"]
[SourceVersionDate "2022.03.31"]
[SourceQuality "1"]

1. e4 e6 2. d4 d5 3. Nc3 dxe4 4. Nxe4 Bd7 5. Nf3 Bc6 6. Bd3 Nd7 7. c3 Ngf6 8. Bg5 Be7 9. Bxf6 Nxf6 10. Qc2 h6 11. Nxf6+ Bxf6 12. Be4 Bxe4 13. Qxe4 c6 14. O-O O-O 15. Rad1 Qd5 16. Qb1 Rad8 17. b3 Qh5 18. c4 Rd7 19. Qe4 Rfd8 20. b4 a5 21. a3 axb4 22. axb4 Be7 23. Rb1 Bf6 24. Ne5 Bxe5 25. dxe5 Rd4 26. Qe3 Qg5 27. Qe2 Rd2 28. Qe4 R8d4 29. Qe1 Rc2 30. b5 Rcxc4 31. bxc6 bxc6 32. Rb8+ Kh7 33. g3 Re4 34. Qb1 g6 35. Qb7 Qf5 36. Qc8 Qxe5 37. Qg8# 1-0

[Event "Titled Tuesday intern op 28th Dec"]
[Site "Chess.com INT"]
[Date "2021.12.28"]
[Round "6"]
[White "Plotnikov, Pavel"]
[Black "Muromtsev, Arthur"]
[Result "1-0"]
[WhiteElo "2297"]
[BlackElo "2129"]
[PlyCount "79"]
[EventDate "2021.12.28"]
[EventType "swiss (blitz)"]
[EventRounds "11"]
[EventCountry "USA"]
[SourceTitle "CBM 206 Extra"]
[Source "ChessBase"]
[SourceDate "2022.03.31"]
[SourceVersion "1"]
[SourceVersionDate "2022.03.31"]
[SourceQuality "1"]

1. e4 e5 2. Nf3 Nc6 3. Nc3 Nf6 4. g3 Bc5 5. Bg2 a6 6. O-O d6 7. d3 h6 8. h3 Be6 9. Be3 Qd7 10. Kh2 g5 11. d4 exd4 12. Nxd4 Ne5 13. Nxe6 Qxe6 14. Bxc5 dxc5 15. f4 gxf4 16. gxf4 Neg4+ 17. hxg4 Nxg4+ 18. Kg1 Ne3 19. Qf3 Nxf1 20. Rxf1 O-O-O 21. e5 c6 22. Ne4 Rhg8 23. Nxc5 Qc4 24. Ne4 Qxc2 25. Nd6+ Kb8 26. Rf2 Qb1+ 27. Kh2 Qg6 28. f5 Qg5 29. Nxf7 Qh4+ 30. Bh3 Rd1 31. e6 Rgg1 32. Qf4+ Qxf4+ 33. Rxf4 Rh1+ 34. Kg3 Rdg1+ 35. Kh4 Rh2 36. e7 Re1 37. f6 Re3 38. Rf3 Re4+ 39. Kg3 Kc7 40. Kxh2 1-0

[Event "Titled Tuesday intern op 28th Dec"]
[Site "Chess.com INT"]
[Date "2021.12.28"]
[Round "6"]
[White "Punin, Andrii"]
[Black "Mestnikov, Aisen"]
[Result "1/2-1/2"]
[WhiteElo "2289"]
[BlackElo "2096"]
[PlyCount "134"]
[EventDate "2021.12.28"]
[EventType "swiss (blitz)"]
[EventRounds "11"]
[EventCountry "USA"]
[SourceTitle "CBM 206 Extra"]
[Source "ChessBase"]
[SourceDate "2022.03.31"]
[SourceVersion "1"]
[SourceVersionDate "2022.03.31"]
[SourceQuality "1"]

1. e4 e5 2. Nf3 Nc6 3. Bb5 a6 4. Ba4 Nge7 5. d4 exd4 6. Nxd4 g6 7. Nxc6 Nxc6 8. Nc3 Bg7 9. Be3 O-O 10. Qd2 b5 11. Bb3 Na5 12. O-O-O d6 13. h4 Nxb3+ 14. cxb3 Bb7 15. f3 f5 16. Bd4 fxe4 17. Nxe4 Bxe4 18. Bxg7 Kxg7 19. Qd4+ Qf6 20. Qxe4 Rae8 21. Qc2 Re5 22. Qxc7+ Rf7 23. Qb6 Re2 24. Qd4 Rc7+ 25. Kb1 Qxd4 26. Rxd4 Rcc2 27. Rxd6 Rxb2+ 28. Ka1 Rxa2+ 29. Kb1 Reb2+ 30. Kc1 Rxg2 31. Kb1 Rab2+ 32. Ka1 a5 33. h5 Ra2+ 34. Kb1 Rgb2+ 35. Kc1 Ra1+ 36. Kxb2 Rxh1 37. hxg6 hxg6 38. Ra6 Rh2+ 39. Kb1 a4 40. bxa4 bxa4 41. Rxa4 Rf2 42. Kc1 Rxf3 43. Kd1 Re3 44. Kd2 Re6 45. Rg4 Kh6 46. Rg1 Kh5 47. Rh1+ Kg5 48. Rg1+ Kf6 49. Rf1+ Ke7 50. Re1 Rxe1 51. Kxe1 Ke6 52. Ke2 Kf6 53. Kf2 Ke6 54. Ke2 Kf5 55. Kf3 Kg5 56. Kg3 Kh5 57. Kh3 g5 58. Kg3 g4 59. Kg2 Kg5 60. Kg3 Kf5 61. Kg2 Kf4 62. Kf2 g3+ 63. Kg2 Kg4 64. Kg1 Kf4 65. Kg2 Kg4 66. Kg1 Kh4 67. Kg2 Kg4 1/2-1/2

[Event "Titled Tuesday intern op 28th Dec"]
[Site "Chess.com INT"]
[Date "2021.12.28"]
[Round "6"]
[White "Qashashvili, Alexandre"]
[Black "Goncharov, Vladimir"]
[Result "0-1"]
[WhiteElo "2505"]
[BlackElo "2077"]
[PlyCount "110"]
[EventDate "2021.12.28"]
[EventType "swiss (blitz)"]
[EventRounds "11"]
[EventCountry "USA"]
[SourceTitle "CBM 206 Extra"]
[Source "ChessBase"]
[SourceDate "2022.03.31"]
[SourceVersion "1"]
[SourceVersionDate "2022.03.31"]
[SourceQuality "1"]

1. e4 e6 2. d4 d5 3. exd5 exd5 4. c3 Nc6 5. Nf3 Bd6 6. Be3 Nge7 7. Bd3 Bf5 8. Bxf5 Nxf5 9. O-O O-O 10. Re1 Re8 11. Bg5 Qd7 12. Rxe8+ Rxe8 13. Nbd2 f6 14. Bh4 g5 15. Bg3 Bf8 16. Nf1 Nd8 17. Qd2 Nf7 18. Re1 Rxe1 19. Qxe1 c6 20. Ne3 Nxg3 21. hxg3 Nd6 22. Qb1 Kg7 23. g4 Qe6 24. Nf5+ Nxf5 25. Qxf5 Qxf5 26. gxf5 h5 27. g3 Bd6 28. Kf1 b6 29. Ke2 c5 30. Ke3 Kf7 31. b3 Ke7 32. Kd3 Kd7 33. Ke3 Kc6 34. Kd3 a5 35. c4 dxc4+ 36. Kxc4 b5+ 37. Kd3 Kd5 38. a4 c4+ 39. bxc4+ bxc4+ 40. Ke3 Bb4 41. Nh2 Bc3 42. Nf3 g4 43. Ng1 Bxd4+ 44. Ke2 Ke4 45. f3+ gxf3+ 46. Nxf3 c3 47. Nh4 Be5 48. Ng6 Bxg3 49. Ne7 Bf4 50. Ng8 c2 51. Nxf6+ Kxf5 52. Nxh5 c1=Q 53. Nxf4 Kxf4 54. Kd3 Ke5 55. Ke2 Ke4 0-1

[Event "Titled Tuesday intern op 28th Dec"]
[Site "Chess.com INT"]
[Date "2021.12.28"]
[Round "6"]
[White "Quirke, Jeffrey"]
[Black "Sanchez, Roberto Daniel"]
[Result "0-1"]
[WhiteElo "2086"]
[BlackElo "1970"]
[PlyCount "102"]
[EventDate "2021.12.28"]
[EventType "swiss (blitz)"]
[EventRounds "11"]
[EventCountry "USA"]
[SourceTitle "CBM 206 Extra"]
[Source "ChessBase"]
[SourceDate "2022.03.31"]
[SourceVersion "1"]
[SourceVersionDate "2022.03.31"]
[SourceQuality "1"]

1. d4 Nf6 2. c4 e6 3. Nc3 Bb4 4. Qc2 Nc6 5. Nf3 d6 6. Bd2 O-O 7. a3 Bxc3 8. Bxc3 Qe7 9. e3 e5 10. d5 Nb8 11. Bd3 Re8 12. e4 Nbd7 13. O-O Nh5 14. Rfe1 Nf4 15. Bf1 Nf8 16. Re3 N8g6 17. Ne1 Bd7 18. h3 c6 19. Kh2 cxd5 20. cxd5 Rac8 21. g3 Nh5 22. Qd1 Nf6 23. Nf3 a6 24. Rc1 Red8 25. Nd2 h5 26. Ba5 Rxc1 27. Qxc1 Rc8 28. Rc3 Rxc3 29. Qxc3 h4 30. Qc7 hxg3+ 31. fxg3 Nh5 32. Qd8+ Qxd8 33. Bxd8 Kf8 34. Be2 Nf6 35. Bxf6 gxf6 36. h4 f5 37. h5 Ne7 38. Bc4 Kg7 39. Kg2 Kh6 40. Bd3 Kxh5 41. Nc4 Nc8 42. exf5 Kg5 43. Kf3 Bxf5 44. Bxf5 Kxf5 45. g4+ Kg5 46. Kg3 f5 47. gxf5 Kxf5 48. Kf3 b5 49. Ne3+ Kf6 50. Ke4 Nb6 51. Nf5 Nc4 0-1

[Event "Titled Tuesday intern op 28th Dec"]
[Site "Chess.com INT"]
[Date "2021.12.28"]
[Round "6"]
[White "Rangel, Daniel"]
[Black "Piesik, Piotr"]
[Result "0-1"]
[WhiteElo "2196"]
[BlackElo "2407"]
[PlyCount "52"]
[EventDate "2021.12.28"]
[EventType "swiss (blitz)"]
[EventRounds "11"]
[EventCountry "USA"]
[SourceTitle "CBM 206 Extra"]
[Source "ChessBase"]
[SourceDate "2022.03.31"]
[SourceVersion "1"]
[SourceVersionDate "2022.03.31"]
[SourceQuality "1"]

1. c4 Nf6 2. g3 e6 3. Bg2 d5 4. Nc3 Be7 5. d4 O-O 6. Nf3 dxc4 7. Qa4 a6 8. Qxc4 b5 9. Qd3 Bb7 10. O-O c5 11. Rd1 Qb6 12. a4 b4 13. dxc5 Bxc5 14. a5 Qa7 15. Na4 Bxf2+ 16. Kh1 Nc6 17. Bg5 Ng4 18. Qe4 Nce5 19. Nxe5 Bxe4 20. Nxg4 Bxg2+ 21. Kxg2 Bd4 22. e3 f6 23. Bh4 Bxe3 24. Nxe3 Qxe3 25. Rd7 Rad8 26. Rad1 Qe2+ 0-1

[Event "Titled Tuesday intern op 28th Dec"]
[Site "Chess.com INT"]
[Date "2021.12.28"]
[Round "6"]
[White "Rodchenkov, Sergey D"]
[Black "Skatchkov, Valery"]
[Result "1-0"]
[WhiteElo "2346"]
[BlackElo "2263"]
[PlyCount "81"]
[EventDate "2021.12.28"]
[EventType "swiss (blitz)"]
[EventRounds "11"]
[EventCountry "USA"]
[SourceTitle "CBM 206 Extra"]
[Source "ChessBase"]
[SourceDate "2022.03.31"]
[SourceVersion "1"]
[SourceVersionDate "2022.03.31"]
[SourceQuality "1"]

1. Nf3 Nf6 2. c4 g6 3. b4 Bg7 4. Bb2 O-O 5. g3 d6 6. Bg2 e5 7. d3 Nc6 8. b5 Ne7 9. O-O c6 10. a4 h6 11. Nc3 Be6 12. a5 a6 13. bxc6 bxc6 14. Qc2 Rb8 15. Rfb1 Nd7 16. Ne4 d5 17. cxd5 cxd5 18. Nd6 Nc5 19. Qxc5 Rxb2 20. Rxb2 e4 21. Nd4 Bxd4 22. Qxd4 Qxd6 23. dxe4 Nc6 24. Qf6 dxe4 25. Bxe4 Ne5 26. Rab1 Qd4 27. Qf4 Nc4 28. Rb8 g5 29. Rxf8+ Kxf8 30. Qb8+ Kg7 31. Bd3 Nxa5 32. Qb2 Qxb2 33. Rxb2 Nc4 34. Ra2 a5 35. Ra4 Nd6 36. Rxa5 Kf6 37. f4 gxf4 38. gxf4 Nb7 39. Rh5 Kg7 40. Kf2 Nc5 41. Rxc5 1-0

[Event "Titled Tuesday intern op 28th Dec"]
[Site "Chess.com INT"]
[Date "2021.12.28"]
[Round "6"]
[White "Roebers, Jan"]
[Black "Lossi C, Cyrano Jose"]
[Result "0-1"]
[WhiteElo "2154"]
[BlackElo "2042"]
[PlyCount "76"]
[EventDate "2021.12.28"]
[EventType "swiss (blitz)"]
[EventRounds "11"]
[EventCountry "USA"]
[SourceTitle "CBM 206 Extra"]
[Source "ChessBase"]
[SourceDate "2022.03.31"]
[SourceVersion "1"]
[SourceVersionDate "2022.03.31"]
[SourceQuality "1"]

1. e4 c6 2. Nf3 d5 3. exd5 cxd5 4. d4 Nf6 5. Nc3 Nc6 6. Be2 Bg4 7. O-O e6 8. Be3 Be7 9. h3 Bh5 10. Qd2 O-O 11. Rad1 a6 12. Rfe1 b5 13. a3 Nd7 14. Nh2 Bg6 15. Bd3 Nb6 16. Bxg6 hxg6 17. Qc1 Nc4 18. a4 b4 19. Na2 Qa5 20. b3 Nd6 21. Qd2 Ne4 22. Qe2 Bd6 23. f3 Ng3 24. Qd2 Qc7 25. Ng4 a5 26. Nf2 Ne7 27. Nd3 Nef5 28. Bf4 Bxf4 29. Qxf4 Qxc2 30. Qd2 Qxd2 31. Rxd2 Nxd4 32. Rb2 Rac8 33. Nf4 g5 34. Ne2 Ngxe2+ 35. Rexe2 Nxe2+ 36. Rxe2 Rc7 37. Kh2 Rfc8 38. Kg3 Rc2 0-1

[Event "Titled Tuesday intern op 28th Dec"]
[Site "Chess.com INT"]
[Date "2021.12.28"]
[Round "6"]
[White "Rustemov, Alexander"]
[Black "Tasev, Dejan"]
[Result "1/2-1/2"]
[WhiteElo "2525"]
[BlackElo "2272"]
[PlyCount "83"]
[EventDate "2021.12.28"]
[EventType "swiss (blitz)"]
[EventRounds "11"]
[EventCountry "USA"]
[SourceTitle "CBM 206 Extra"]
[Source "ChessBase"]
[SourceDate "2022.03.31"]
[SourceVersion "1"]
[SourceVersionDate "2022.03.31"]
[SourceQuality "1"]

1. d4 Nf6 2. c4 g6 3. Nf3 Bg7 4. g3 O-O 5. Bg2 b6 6. Nc3 Bb7 7. d5 e6 8. O-O exd5 9. cxd5 d6 10. Nd4 Re8 11. e4 a5 12. h3 Na6 13. Re1 Nxd5 14. Nxd5 Bxd5 15. exd5 Rxe1+ 16. Qxe1 Bxd4 17. Rb1 Nc5 18. Qe2 Qd7 19. Bh6 Re8 20. Qd2 Bg7 21. Be3 Qf5 22. Rc1 h5 23. Qc2 Qf6 24. b3 Qb2 25. Qxb2 Bxb2 26. Rc2 Bf6 27. a3 Re7 28. Kf1 Nxb3 29. g4 hxg4 30. hxg4 Nc5 31. g5 Bg7 32. Rc4 Re8 33. a4 Be5 34. Ke2 Kf8 35. Bf3 Bg7 36. Rh4 Kg8 37. Kd2 Re7 38. Kc2 Re8 39. Rc4 Re7 40. Rh4 Nd7 41. Be2 Nc5 42. Bf3 1/2-1/2

[Event "Titled Tuesday intern op 28th Dec"]
[Site "Chess.com INT"]
[Date "2021.12.28"]
[Round "6"]
[White "Savchenko, Boris"]
[Black "Urazayev, Arystanbek"]
[Result "1-0"]
[WhiteElo "2535"]
[BlackElo "2437"]
[PlyCount "39"]
[EventDate "2021.12.28"]
[EventType "swiss (blitz)"]
[EventRounds "11"]
[EventCountry "USA"]
[SourceTitle "CBM 206 Extra"]
[Source "ChessBase"]
[SourceDate "2022.03.31"]
[SourceVersion "1"]
[SourceVersionDate "2022.03.31"]
[SourceQuality "1"]

1. e4 c6 2. d4 d5 3. Nc3 dxe4 4. Nxe4 Bf5 5. Ng3 Bg6 6. h4 h6 7. Nf3 e6 8. Ne5 Bh7 9. Bd3 Bxd3 10. Qxd3 Nf6 11. Bd2 Nbd7 12. f4 c5 13. O-O-O cxd4 14. Ng6 Rg8 15. Nxf8 Nxf8 16. Rhe1 Qd5 17. Re5 Qxa2 18. Ra5 Qxa5 19. Bxa5 b6 20. Bb4 1-0

[Event "Titled Tuesday intern op 28th Dec"]
[Site "Chess.com INT"]
[Date "2021.12.28"]
[Round "6"]
[White "Seo, Jung Min"]
[Black "Staudner, Oliver"]
[Result "1-0"]
[WhiteElo "2459"]
[BlackElo "2398"]
[PlyCount "49"]
[EventDate "2021.12.28"]
[EventType "swiss (blitz)"]
[EventRounds "11"]
[EventCountry "USA"]
[SourceTitle "CBM 206 Extra"]
[Source "ChessBase"]
[SourceDate "2022.03.31"]
[SourceVersion "1"]
[SourceVersionDate "2022.03.31"]
[SourceQuality "1"]

1. d4 d5 2. c4 c6 3. Nf3 Nf6 4. e3 a6 5. b3 Bf5 6. Nc3 e6 7. Be2 Bb4 8. Bd2 Bxc3 9. Bxc3 Ne4 10. Qc1 Nxc3 11. Qxc3 Nd7 12. O-O O-O 13. b4 b5 14. cxd5 cxd5 15. a4 Qb6 16. axb5 axb5 17. Ra5 Rfc8 18. Qa3 Qb7 19. Ra1 Nb6 20. Bxb5 Rcb8 21. Ne5 Rxa5 22. bxa5 Nc4 23. Bxc4 dxc4 24. Nxc4 Bd3 25. Qxd3 1-0

[Event "Titled Tuesday intern op 28th Dec"]
[Site "Chess.com INT"]
[Date "2021.12.28"]
[Round "6"]
[White "Shuvalov, Evgenij"]
[Black "Ismayil, Malak"]
[Result "1/2-1/2"]
[WhiteElo "2182"]
[BlackElo "2058"]
[PlyCount "99"]
[EventDate "2021.12.28"]
[EventType "swiss (blitz)"]
[EventRounds "11"]
[EventCountry "USA"]
[SourceTitle "CBM 206 Extra"]
[Source "ChessBase"]
[SourceDate "2022.03.31"]
[SourceVersion "1"]
[SourceVersionDate "2022.03.31"]
[SourceQuality "1"]

1. Nf3 Nf6 2. c4 e6 3. g3 d5 4. Bg2 Be7 5. O-O O-O 6. b3 c5 7. e3 Nc6 8. Bb2 d4 9. exd4 cxd4 10. Re1 Bc5 11. d3 a5 12. Na3 Re8 13. Nb5 e5 14. a3 Bg4 15. h3 Bh5 16. g4 Bg6 17. Nh4 Re6 18. Nxg6 hxg6 19. Bc1 Qe7 20. Bg5 Qd7 21. Ra2 Rae8 22. Rae2 Nh7 23. Bh4 Nf6 24. Bg3 e4 25. Bxe4 Nxe4 26. Rxe4 Rxe4 27. Rxe4 Rxe4 28. dxe4 f5 29. gxf5 gxf5 30. Qh5 d3 31. Qxf5 Qxf5 32. exf5 d2 33. Nc3 Nd4 34. Kf1 Nxb3 35. a4 Bb4 36. Nd1 Nc5 37. Bd6 Nxa4 38. Bxb4 axb4 39. Ke2 Nb6 40. Nb2 Kf7 41. Kxd2 Kf6 42. Kc2 Kxf5 43. Kb3 Kf4 44. Kxb4 Kf3 45. Kb5 Nxc4 46. Nxc4 Kxf2 47. Nd6 Kg3 48. Nf5+ Kxh3 49. Nxg7 b6 50. Kxb6 1/2-1/2

[Event "Titled Tuesday intern op 28th Dec"]
[Site "Chess.com INT"]
[Date "2021.12.28"]
[Round "6"]
[White "Shvedova, Alexandra"]
[Black "Postnikov, Daniil"]
[Result "0-1"]
[WhiteElo "2065"]
[BlackElo "2360"]
[PlyCount "70"]
[EventDate "2021.12.28"]
[EventType "swiss (blitz)"]
[EventRounds "11"]
[EventCountry "USA"]
[SourceTitle "CBM 206 Extra"]
[Source "ChessBase"]
[SourceDate "2022.03.31"]
[SourceVersion "1"]
[SourceVersionDate "2022.03.31"]
[SourceQuality "1"]

1. e4 e6 2. d4 d5 3. Nd2 c5 4. exd5 Qxd5 5. Ngf3 cxd4 6. Bc4 Qd8 7. O-O a6 8. Nb3 Nc6 9. Nbxd4 Nxd4 10. Nxd4 Qc7 11. Qe2 Bd6 12. h3 Ne7 13. c3 O-O 14. Bg5 Ng6 15. Rad1 Kh8 16. Bc1 Bd7 17. Rfe1 Rad8 18. Bb3 e5 19. Nf3 f6 20. Bc2 Bb5 21. Bd3 Bxd3 22. Rxd3 f5 23. Rd5 e4 24. Nd4 Bh2+ 25. Kh1 Rxd5 26. Ne6 Qd6 27. Nxf8 Nxf8 28. g3 Bxg3 29. fxg3 Qxg3 30. Qe3 Qxe3 31. Bxe3 Ne6 32. Rf1 g5 33. Kg2 f4 34. Bg1 Rd2+ 35. Rf2 e3 0-1

[Event "Titled Tuesday intern op 28th Dec"]
[Site "Chess.com INT"]
[Date "2021.12.28"]
[Round "6"]
[White "Srihari, LR."]
[Black "Ozen, Bahadir"]
[Result "1-0"]
[WhiteElo "2400"]
[BlackElo "2369"]
[PlyCount "51"]
[EventDate "2021.12.28"]
[EventType "swiss (blitz)"]
[EventRounds "11"]
[EventCountry "USA"]
[SourceTitle "CBM 206 Extra"]
[Source "ChessBase"]
[SourceDate "2022.03.31"]
[SourceVersion "1"]
[SourceVersionDate "2022.03.31"]
[SourceQuality "1"]

1. c4 c6 2. d4 d5 3. Nf3 Nf6 4. Qc2 dxc4 5. e4 b5 6. b3 Bg4 7. bxc4 e5 8. d5 Bb4+ 9. Bd2 Bxd2+ 10. Nbxd2 O-O 11. Nxe5 Re8 12. Nxg4 Nxg4 13. Be2 Nf6 14. O-O bxc4 15. Bxc4 cxd5 16. exd5 Nbd7 17. Nf3 Rc8 18. Qb3 Nb6 19. Bb5 Re7 20. Rad1 Nbxd5 21. Bc4 Rd7 22. Ne5 Rd6 23. Rd3 Rb8 24. Qa3 Qe7 25. Bxd5 Kf8 26. Nc6 1-0

[Event "Titled Tuesday intern op 28th Dec"]
[Site "Chess.com INT"]
[Date "2021.12.28"]
[Round "6"]
[White "Stankovic, Ivan G"]
[Black "Fajdetic, Hrvoje"]
[Result "0-1"]
[WhiteElo "2255"]
[BlackElo "2151"]
[PlyCount "82"]
[EventDate "2021.12.28"]
[EventType "swiss (blitz)"]
[EventRounds "11"]
[EventCountry "USA"]
[SourceTitle "CBM 206 Extra"]
[Source "ChessBase"]
[SourceDate "2022.03.31"]
[SourceVersion "1"]
[SourceVersionDate "2022.03.31"]
[SourceQuality "1"]

1. e4 e6 2. d3 c5 3. Nf3 Nc6 4. Bf4 d6 5. h4 e5 6. Bc1 h5 7. c3 Bg4 8. Nbd2 Be7 9. Qc2 Nh6 10. Be2 O-O 11. a4 b6 12. Nc4 Rb8 13. Ne3 f5 14. Nd5 f4 15. Nxe7+ Qxe7 16. Ng5 Nf7 17. Bxg4 hxg4 18. Qb3 Ncd8 19. Qd5 g6 20. g3 f3 21. Be3 Kg7 22. Kd2 Rh8 23. Rhd1 Nxg5 24. Bxg5 Qe6 25. Bxd8 Qxd5 26. exd5 Rbxd8 27. Ke3 Kf6 28. Rh1 Rh5 29. Ke4 Rdh8 30. Rhf1 g5 31. hxg5+ Rxg5 32. c4 Rgh5 33. a5 R5h7 34. axb6 axb6 35. Ra6 Rb7 36. Rfa1 Rh2 37. Ke3 Rh8 38. Ra8 Rhb8 39. Rxb8 Rxb8 40. Ke4 Rb7 41. Ra8 b5 0-1